00319nam a2200121Ia 4500008004100000041000800041082001700049100001300066245003600079260004000115300003300155365000900188240624s9999 xx 000 0 und d aeng a658.4063 TID aTIDD JOE aSTRATEGIC INNOVATION MANAGEMENT c2014aNew JerseybJohn Wiley & Sons axviii, : 417 : p. : cm. ; 23 cb26